Tilastot visalle Suomen kaupungit visa

Klikkaa tästä pelataksesi tätä visaa!

Yleistilastot

  • Tätä visaa on pelattu 23 kertaa
  • Keskiarvotulos 4 / 5

Vastaustilastot

PerustusvuosiKaupuki% Oikein
1550Helsinki
100%
1229Turku
95%
1779Tampere
85%
1606Vaasa
80%
1649Lappeenranta
65%

Tulosjakauma

Persentiili vastausten määrän mukaan

Jokaisen tuloksen saaneiden osuus

Tuloshistoriasi

Et ole pelannut tätä visaa